ELEMENTS OF NUMERICAL ANALYSIS (Record no. 9493)

MARC details
000 -LEADER
fixed length control field 00959nam a22001697a 4500
003 - CONTROL NUMBER IDENTIFIER
control field SGT
020 ## - INTERNATIONAL STANDARD BOOK NUMBER
International Standard Book Number 97811107500495
082 ## - DEWEY DECIMAL CLASSIFICATION NUMBER
Classification number 518,GUP
100 ## - MAIN ENTRY--PERSONAL NAME
Personal name RADHEY S, GUPTA
245 ## - TITLE STATEMENT
Title ELEMENTS OF NUMERICAL ANALYSIS
250 ## - EDITION STATEMENT
Edition statement 2ND
260 ## - PUBLICATION, DISTRIBUTION, ETC. (IMPRINT)
Place of publication, distribution, etc NEW DELHI
Name of publisher, distributor, etc CAMBRIDGE
Year of Publication 2015
300 ## - PAGE DESCRIPTION
No. of Pages 759
650 ## - SUBJECT ADDED ENTRY--TOPICAL TERM
Topical term or geographic name as entry element NUMERICAL ANALYSIS
653 ## - KEYWORDS--INDEX TERM
Keyword term PREFACE 1. ERRORS IN COMPUTATION 2. LINEAR EQUATIONS AND EIGENVALUE PROBLEM 3. NONLINEAR EQUATIONS 4. INTERPOLATION 5. NUMERICAL DIFFERENTIATION 6. NUMERICAL INTEGRATION 7. ORDINARY DIFFERENTIAL EQUATIONS 8. SPLINES AND THEIR APPLICATIONS 9. METHOD OF LEAST SQUARES AND CHEBYSHEV APPROXIMATION 10. EIGENVALUES OF SYMMETRIC MATRICES 11. PARTIAL DIFFERENTIAL EQUATIONS 12. FINITE ELEMENT METHOD 13. INTEGRAL EQUATIONS 14. DIFFERENCE EQUATIONS 15. FOURIER SERIES, DISCRETE FOURIER TRANSFORM AND FAST FOURIER TRANSFORM 16. FREE AND MOVING BOUNDARY PROBLEMS: A BRIEF INTRODUCTION APPENDICES INDEX.
942 ## - ADDED ENTRY ELEMENTS (KOHA)
Source of classification or shelving scheme Dewey Decimal Classification
Koha item type FPS Books
Holdings
Withdrawn status Lost status Source of classification or shelving scheme Damaged status Not for loan Collection code Home library Current library Shelving location Date acquired Vendor Name Cost, normal purchase price SGTU Bill Number Full call number Accession No. (Barcode) Date last seen Bill Date Koha item type
    Dewey Decimal Classification   Not For Loan SCIENCE SGT Science & Social Sciences Library SGT Science & Social Sciences Library Reference Book 05/07/2016 KIRTI PRKASHAN 595.00 SGTU 3151 518,GUP PS1195 05/07/2016 19/10/2015 FPS Books